000
00303nam a2200145Ia 4500
100
_a
O'Neil/Mark G
942
_c
BK
366
_f
20
245
_a
Green IT for sustainable business
260
_b
Viva
_c
2011
082
_a
658.409
_b
ONE
300
_a
144
546
_a
ENGLISH
_c
Info.Tech
999
_c
19168
_d
19168